| 000 | 00519nam a2200157 a 4500 | ||
|---|---|---|---|
| 001 | 000028380 | ||
| 005 | 20200930054920.0 | ||
| 008 | 110408s1997 dr 000 0 spa d | ||
| 040 |
_aDO-SdBNP _bspa _cBNPHU |
||
| 082 | _aL865e | ||
| 100 | 1 |
_aLora Salcedo, Radhames _937793 |
|
| 245 | 1 | 0 |
_aEstrategia forestal : _bpara lograr la conciliación entre el desarrollo y la conservación / _cRadhames Lora Salcedo. |
| 260 |
_aSanto Domingo : _bDirección General Forestal, _c1997. |
||
| 300 |
_a35 p. ; _c19 cm. |
||
| 049 | _aBNPD | ||
| 999 |
_c27872 _d27872 |
||